00347nam a2200133Ia 4500008004100000020001800041041000800059082000800067100001700075245005100092260004400143300001000187650001600197230711s9999||||xx |||||||||||||| ||und|| a81-902320-5-3 aENG a630 aPandey, A.K. 0aPattiwali Sabjiyan (In Hindi) ( price Printed) c2005aNew DelhibResearchco Book Centre a222p. aAgriculture